000 00373nam a2200145 4500
999 _c640
_d640
008 191108b ||||| |||| 00| 0 eng d
082 0 0 _a620
_bS6421
100 _9146
_aSmith, D. J.
245 1 0 _aComplete Engineer /
_cby D. J. Smith
250 _a1st ed.
260 _aLondon :
_bGeorge Newnes Limited,
_c.
300 _avii, 632 p.
650 0 _aEngineering
942 _2ddc
_cBK